Computer Simulations and Gaming (Record no. 43353)

MARC details
000 -LEADER
fixed length control field 00593nam a22001817a 4500
005 - DATE AND TIME OF LATEST TRANSACTION
control field 20250324114829.0
008 - FIXED-LENGTH DATA ELEMENTS--GENERAL INFORMATION
fixed length control field 250324b |||||||| |||| 00| 0 eng d
020 ## - INTERNATIONAL STANDARD BOOK NUMBER
International Standard Book Number 9781839102448
041 ## - LANGUAGE CODE
Language code of text/sound track or separate title Eng.
082 ## - DEWEY DECIMAL CLASSIFICATION NUMBER
Classification number 003.3 COO
100 ## - MAIN ENTRY--PERSONAL NAME
Author Cooper, James Wesley
245 ## - TITLE STATEMENT
Title Computer Simulations and Gaming
260 ## - PUBLICATION, DISTRIBUTION, ETC.
Place Cheltenham , UK
Publisher Edward Elgar Publishing
Publication Year 2022
300 ## - PHYSICAL DESCRIPTION
Extent 166;. P. 23 cm
650 ## - SUBJECT ADDED ENTRY--TOPICAL TERM
Subject Business Education--Computer simulation; Simulation Games in Education; Digital Computer Simulation
700 ## - ADDED ENTRY--PERSONAL NAME
Co-Author Yoder, Michele E. And Watson,Stacey L. Watson
942 ## - ADDED ENTRY ELEMENTS (KOHA)
Koha item type Books
Holdings
Withdrawn status Lost status Source of classification or shelving scheme Damaged status Not for loan Home library Current library Shelving location Accession Date Vendor Price Bill number Full call number Barcode No Date last seen Discount Bill Date Koha item type Suggested By
    Dewey Decimal Classification     IMTN IMTN Rack 1-A 03/18/2025 Raghav Books Private Limited 2554.34 2374 003.3 COO 33644 03/24/2025 33 02/14/2025 Books Dr. Bibhuti Tripathy
Designed & Maintained by: LRC IMT Nagpur Contact: lrc@imtnag.ac.in© 2024. All Rights Reserved.